000 00680cam a22002413a 4500
001 27557
003 PGUSA
005 20140828083609.0
008 081218s2008||||xxu|||||s|||||000 | eng d
040 _aPGUSA
_beng
042 _adc
050 4 _aTL
100 1 _aHarper, Harry,
_d1880-
245 1 0 _aLearning to Fly :
_bA Practical Manual for Beginners
_h[electronic resource] /
_cHarry Harper
260 _bProject Gutenberg,
_c2008
506 _aPublic domain in the USA.
516 _aElectronic text
653 _aAeronautics
653 _aAirplanes -- Piloting
830 0 _aProject Gutenberg
_v27557
856 4 0 _uhttp://www.gutenberg.org/ebooks/27557
942 _cEB
999 _c256812
_d256812